000 00436nam a2200181Ia 4500
001 13449
005 20260306164802.0
008 260306t1990||||xx |||||||||||||| ||spa||
041 _aESP
082 _aS 004.19
_bG67
100 _aGonzález Gallego, Santiago
_eAUT
245 0 _aLa ergonomía y el ordenador
260 _c1990
300 _a143 páginas :
_c24 cm.
650 _aGEN
654 _aCCC
942 _cLIB
_dJUS
_fJUS
_2ddc
_n
999 _c13449
_d13449